Random Country by thing they control - Statistics

General Stats
  • This quiz has been taken 19 times
  • The average score is 12 of 20
Answer Stats
Thing Country % Correct
Bujumbura Burundi
100%
Angkor Wat Cambodia
100%
Greenland Denmark
100%
Tartu Estonia
100%
Taj Mahal India
100%
Basra Iraq
100%
Galway Ireland
100%
Birthplace of Marco Polo Italy
100%
Petra Jordan
100%
Osh Kyrgyzstan
100%
Esch-sur-Alzette Luxembourg
100%
Nouadhibou Mauritania
100%
Tangier Morocco
100%
Svalbard Norway
100%
Machu Picchu Peru
100%
Madeira Portugal
100%
Transsylvania Romania
100%
Kaliningrad Russia
100%
Mecca Saudi Arabia
100%
Lake Bled Slovenia
100%
Pamir Highway (Most of it) Tajikistan
100%
Kilimanjaro Tanzania
100%
Cappadocia Turkey
100%
World's only 7-Star Hotel United Arab Emirates
100%
Ha Long Bay Vietnam
100%
Chittagong Bangladesh
50%
Gozo Malta
50%
Fairbanks United States
50%
Herat Afghanistan
0%
Durrës Albania
0%
Oran Algeria
0%
Cabinda Exclave Angola
0%
Rosario Argentina
0%
Lake Sevan Armenia
0%
Nullarbor Plain Australia
0%
Innsbruck Austria
0%
Ganja Azerbaijan
0%
Gomel Belarus
0%
Liège Belgium
0%
Cotonou Benin
0%
Tigernest Bhutan
0%
Salar de Uyuni Bolivia
0%
Mostar Bosnia and Herzegovina
0%
Mato Grosso Brazil
0%
Burgas Bulgaria
0%
Douala Cameroon
0%
Ellesmere Island Canada
0%
Atacama Desert Chile
0%
Most distant point from any ocean on earth China
0%
Barranquilla Colombia
0%
Plitvice Lakes National Park Croatia
0%
Bay of Pigs Cuba
0%
Charles Bridge Czech Republic
0%
Lubumbashi Democratic Republic of the Congo
0%
Santiago de los Caballeros Dominican Republic
0%
Suez Canal Egypt
0%
Omo River Ethiopia
0%
Tampere Finland
0%
Sacré-Coeur France
0%
Batumi Georgia
0%
Neuschwanstein Castle Germany
0%
Kumasi Ghana
0%
Port of Piraeus Greece
0%
Tikal Guatemala
0%
San Pedro Sula Honduras
0%
Eyjafjallajökull Iceland
0%
Java Indonesia
0%
Lake Urmia Iran
0%
Eilat Israel
0%
Abidjan Ivory Coast
0%
Montego Bay Jamaica
0%
Okinawa Japan
0%
Almaty Kazakhstan
0%
Mombasa Kenya
0%
Benghazi Libya
0%
Kaunas Lithuania
0%
Blantyre Malawi
0%
The southernmost point on continental Asia Malaysia
0%
Timbuktu Mali
0%
Chiapas Mexico
0%
Ecuador Mount Chimborazo
0%
Mandalay Myanmar
0%
Lüderitz Namibia
0%
Lukla Airport Nepal
0%
Rijksmuseum Netherlands
0%
Aoraki / Mount Cook New Zealand
0%
Lake Nicaragua Nicaragua
0%
Benin City Nigeria
0%
Largest Stadium in the world, by official seating capacity North Korea
0%
Ohrid (City) North Macedonia
0%
K2 Pakistan
0%
Northern Part of the Darién Gap Panama
0%
Cebu Philippines
0%
Lublin Poland
0%
Monument de la Renaissance africaine Senegal
0%
Niš Serbia
0%
Marina Bay Sands Singapore
0%
Kosice Slovakia
0%
Cape Agulhas South Africa
0%
Jeju Island South Korea
0%
Alhambra Spain
0%
Where the Blue & White Nile meet Sudan
0%
Turning Torso Sweden
0%
Ticino Switzerland
0%
Homs Syria
0%
Taipei 101 Taiwan
0%
Ko Samui Thailand
0%
Sousse Tunisia
0%
Derweze Turkmenistan
0%
Entebbe Uganda
0%
Isle of Skye UK
0%
Lviv Ukraine
0%
Samarkand Uzbekistan
0%
Sistine Chapel Vatican City
0%
Lake Maracaibo Venezuela
0%
Socotra Island Yemen
0%
Livingstone Zambia
0%
No matching quizzes found
Score Distribution
Percent of People with Each Score
Percentile by Number Answered
Your Score History
You have not taken this quiz